Sports Quiz

Random Sports or Baseball Quiz
Score 0/77 Timer 10:00
0 Plays Today
Year Winning Team % Correct
2019Washington Nationals
74.8%
2019New York Yankees
72.2%
2017Los Angeles Dodgers
70.2%
2004Boston Red Sox
67%
1999New York Yankees
66.9%
1998New York Yankees
66.1%
2007Boston Red Sox
65.6%
2012San Francisco Giants
64.3%
2016Cleveland Indians
63.7%
2005Chicago White Sox
63.6%
1932New York Yankees
63.2%
1950New York Yankees
63.1%
1939New York Yankees
62.9%
1938New York Yankees
62.8%
1927New York Yankees
62.7%
1928New York Yankees
61.9%
2018Houston Astros
61.9%
1989Oakland Athletics
61.6%
1990Cincinnati Reds
60.4%
1999New York Yankees
59.7%
2015New York Mets
57.6%
1990Oakland Athletics
57.5%
1963Los Angeles Dodgers
57%
1998New York Yankees
56.8%
1976Cincinnati Reds
56.5%
1995Atlanta Braves
55.8%
2004Boston Red Sox
55.6%
2009New York Yankees
55.6%
2018Milwaukee Brewers
55.2%
1988Oakland Athletics
54.3%
1954New York Giants
54.2%
1996Atlanta Braves
53.9%
2012Detroit Tigers
53.7%
2014Kansas City Royals
53.5%
2007Colorado Rockies
53.3%
1976Cincinnati Reds
52.3%
2005Chicago White Sox
52.3%
1975Cincinnati Reds
52%
2007Boston Red Sox
51.2%
Year Winning Team % Correct
2016Toronto Blue Jays
50.8%
2010New York Yankees
50.3%
1969New York Mets
50.1%
2007Colorado Rockies
49.9%
1981New York Yankees
49.7%
1995Cleveland Indians
49.7%
1979Pittsburgh Pirates
49.1%
1984Detroit Tigers
49%
2014Kansas City Royals
48.6%
1969Baltimore Orioles
48%
1998Atlanta Braves
47.9%
2014Baltimore Orioles
47.5%
1980Kansas City Royals
47.4%
2006Detroit Tigers
47.3%
1966Baltimore Orioles
46.7%
1995Cincinnati Reds
46.6%
1970Baltimore Orioles
46.4%
1975Boston Red Sox
46.4%
2005St. Louis Cardinals
46.4%
1997Atlanta Braves
46.3%
1982St. Louis Cardinals
46.3%
1970Cincinnati Reds
46.3%
1997Florida Marlins
45.1%
1971Baltimore Orioles
44.9%
2006Oakland Athletics
44.5%
2007Arizona Diamondbacks
43.9%
2008Los Angeles Dodgers
42.8%
1981Oakland Athletics
41.6%
2001Atlanta Braves
41.5%
2009Los Angeles Dodgers
40.3%
2010Philadelphia Phillies
40.3%
2009Los Angeles Angels of Anaheim
40%
1996St. Louis Cardinals
39.7%
2002St. Louis Cardinals
39.2%
2000St. Louis Cardinals
38%
1914Boston Braves
37.2%
2006New York Mets
37.1%
2000Seattle Mariners
37%
Remove Ads.
Support Sporcle.
Get the best of Sporcle when you Go Orange. This ad-free experience offers more features, more stats, and more fun while also helping to support Sporcle. Thank you for becoming a member.

You're not logged in!

Compare scores with friends on all Sporcle quizzes.
OR
Log In

Sporcle TV

Today on Sporcle TV


Watch our educational content, quiz creation guides, and fun videos on Sporcle TV.

Show Comments

Extras

Top Quizzes Today


Score Distribution

Paid Content

Your Account Isn't Verified!

In order to create a playlist on Sporcle, you need to verify the email address you used during registration. Go to your Sporcle Settings to finish the process.

Report this User

Report this user for behavior that violates our Community Guidelines.

Details: